| 000 | 00749nam a2200217Ii 4500 | ||
|---|---|---|---|
| 003 | JO-AjNU | ||
| 008 | 230605s9999||||xx |||||||||||||| ||und|| | ||
| 017 | _a2000/4 | ||
| 040 |
_aJO-AjNU _bara _erda _cJO-AjNU |
||
| 041 | _aara | ||
| 050 | 1 | 4 | _aPJ8006.A2896 2003 |
| 100 | 3 |
_aأبو لوز، يوسف, _eauthor _938601 |
|
| 245 | 0 | 0 | _aرؤيا وقوس: قراءة في الأدب الخليجي، الجزء الثاني |
| 250 | _aط1 | ||
| 264 | 3 | 1 | _aعمان: عمون للدراسات والنشر، 2003 |
| 300 | _aج2، 93ص | ||
| 336 |
_atext _btxt _2rdacontent |
||
| 337 |
_aunmediated _bn _2rdamedia |
||
| 338 |
_avolume _bnc _2rdacarrier |
||
| 650 | 4 |
_aالأدب العربي - الأدب الخليجي - قراءة ونقد _938602 |
|
| 999 |
_aA16231 _c19799 _d19799 |
||